| 000 | 00681nam a2200229 4500 | ||
|---|---|---|---|
| 999 |
_c1289 _d1289 |
||
| 001 | 14201 | ||
| 003 | BD-DhUAP | ||
| 005 | 20200205101432.0 | ||
| 008 | 200205s2005 bg a|||| |||| 001 0 eng d | ||
| 040 |
_aBD-DhUAP _bEng _cBD-DhUAP _dBD-DhUAP |
||
| 082 |
_223 _a346.54920438 REG |
||
| 110 | _aDhaka law report. | ||
| 245 | _aThe registration act, (xvi of 1908). | ||
| 250 | _a3rd ed. | ||
| 260 |
_aDhaka : _bDhaka law report, _c2005. |
||
| 300 |
_a[28], 396 pages : _billustrations ; _c25 cm. |
||
| 500 | _aIncludes index. | ||
| 650 |
_aRegistration Act, 1908 _z Bangladesh. |
||
| 650 |
_aRecording and registration _zBangladesh. |
||
| 710 | _aDhaka law report. | ||
| 942 |
_2ddc _cBK |
||